Città dell'Europeo Germania 1988 - Statistics

Statistiche generali
  • Questo quiz è stato fatto 9 volte
  • Il punteggio medio è 6 su 8
Statistiche sulle risposte
con Immagini Risposta % Corretto
Amburgo
88%
Francoforte sul Meno
88%
Monaco di Baviera
88%
Stoccarda
88%
Colonia
75%
Düsseldorf
50%
Gelsenkirchen
38%
Hannover
38%
Nessun quiz corrispondente trovato
Distribuzione punteggi
Percentuale di utenti per punteggio
Percentile per numero di risposta
I tuoi punteggi nel tempo
Non hai fatto questo quiz